00917nam a2200205 a 450000100100000000500170001000800410002702000150006804000250008308200160010810000330012424501410015726000700029830000210036850000730038950400320046259000260049495201740052099900170069400004915020201002061707.0190723s1996 dr r 000 0 spa d a8489525528 aDO-SdBNPbspacBNPHU axxxxbD542e1 aDíaz Santana, Miriam9962010aEducación y modernización social en República Dominicana :bun análisis sociológico del plan decenal /cMiriam Díaz Santana. aSanto Domingo :bInstituto Tecnólogico de Santo Domingo,c1996. a148 p. ;c23 cm. aIncluye referencias bibliográficas y notas al pie de las páginas aBibliografía : p. 141-148 aInventariado, 2019/BT 0010718PDaPDbPDcHDd2019-07-23iLF1l0oxxxx D542ep49151-10r2020-06-25w2020-06-25yLFPDzPerteneció a la biblioteca personal de Bárbara Suncar.ZNo se presta c48638d48638